| 000 | 00693nam a2200193 a 4500 | ||
|---|---|---|---|
| 003 | 0 | ||
| 005 | 20250321095922.0 | ||
| 008 | 090507s19uu xx uuu eng d | ||
| 050 |
_aPHS QP 701 _b.P235 2008 |
||
| 100 | _aPark, Sae Ra. | ||
| 245 |
_aThe Lactic Acid content of selected dairy products available in Philippine Market / _cSae Ra Park. |
||
| 260 |
_aLas PiƱas City, Philippines : _bSouthville International School and Colleges, _c2008. |
||
| 300 |
_a21 pages : _billustrations ; _c28 cm. |
||
| 504 | _aIncludes bibliographical references. | ||
| 650 |
_aLactic acid _xAnalysis. |
||
| 650 |
_aDairy products _xComposition. |
||
| 650 |
_aMilk _xChemical properties. |
||
| 942 |
_2lcc _cPASS |
||
| 999 |
_c98146 _d98146 |
||